Aálisis de las condiciones hidráulicas y sanitarias y recomendaciones de mejora para el sistema d eabastecimiento de agua potable de Pavón, Golfito
Збережено в:
| Автор: | |
|---|---|
| Формат: | Книга |
| Мова: | Spanish |
| Опубліковано: |
[San José ], Costa Rica
2018
|
| Предмети: |
ASOCIACIONES ADMINISTRADORAS DE SISTEMAS DE ACUEDUCTOS Y ALCANTARILLADOS COMUNALES
> ACUEDUCTOS - EVALUACION - PAVON (GOLFITO,PUNTARENAS, COSTA RICA)
> INGENIERIA DE SUMINISTRO DE AGUA - EVALUACION - PAVON (GOLFITO,PUNTARENAS, COSTA RICA)
> PAVON (GOLFITO,PUNTARENAS, COSTA RICA)- SUMINISTRO DE AGUA - EVALUACION
> TUBERIAS PARA AGUA - EVALUACION - PAVON (GOLFITO,PUNTARENAS, COSTA RICA)
> ANALISIS DEL AGUA -PAVON (GOLFITO,PUNTARENAS, COSTA RICA)
> CALIDAD DEL AGUA - PAVON (GOLFITO,PUNTARENAS, COSTA RICA)
|
| Теги: |
Додати тег
Немає тегів, Будьте першим, хто поставить тег для цього запису!
|
MARC
| LEADER | 00000nam a22000007a 4500 | ||
|---|---|---|---|
| 003 | 012911 | ||
| 005 | 20221231144349.0 | ||
| 008 | 180911b2018 cr a|||| |m|| 00| ||spa d | ||
| 040 | |c cru CEDI | ||
| 090 | |a TFG 8062 | ||
| 100 | |9 13845 |a Waters Oviedo, Oscar | ||
| 245 | |a Aálisis de las condiciones hidráulicas y sanitarias y recomendaciones de mejora para el sistema d eabastecimiento de agua potable de Pavón, Golfito | ||
| 260 | |a [San José ], Costa Rica |c 2018 | ||
| 300 | |a v, 175 hojas :ilustraciones a color | ||
| 500 | |a Proyecto de graduación (licenciatura en ingeniería civil)--Universidad de Costa Rica. Facultad de Ingeniería. Escuela de Ingeniería Civil | ||
| 501 | |a Directora del Proyecto: Lic. Paola Vidal Rivera | ||
| 650 | |x ASOCIACIONES ADMINISTRADORAS DE SISTEMAS DE ACUEDUCTOS Y ALCANTARILLADOS COMUNALES |x ACUEDUCTOS - EVALUACION - PAVON (GOLFITO,PUNTARENAS, COSTA RICA) |x INGENIERIA DE SUMINISTRO DE AGUA - EVALUACION - PAVON (GOLFITO,PUNTARENAS, COSTA RICA) |x PAVON (GOLFITO,PUNTARENAS, COSTA RICA)- SUMINISTRO DE AGUA - EVALUACION |x TUBERIAS PARA AGUA - EVALUACION - PAVON (GOLFITO,PUNTARENAS, COSTA RICA) |x ANALISIS DEL AGUA -PAVON (GOLFITO,PUNTARENAS, COSTA RICA) |x CALIDAD DEL AGUA - PAVON (GOLFITO,PUNTARENAS, COSTA RICA) |9 13846 | ||
| 942 | |c TFG | ||
| 999 | |c 20758 |d 20758 | ||
